MARC

LEADER 00000nam0a2200000 4500
001 281254
005 20231101235403.0
020 |a RU  |b 86-242 
035 |a (RuTPU)RU\TPU\book\304939 
090 |a 281254 
100 |a 20150121d1985 m y0rusy5003 ca 
101 0 |a rus 
102 |a RU 
105 |a a j 001zy 
200 1 |a Канальные водографитовые ядерные реакторы  |e учебное пособие  |f П. А. Андреев, А. Н. Блинов, Т. Г. Волухова  |g Ленинградский политехнический институт им. М. И. Калинина (ЛПИ) 
210 |a Ленинград  |c Изд-во ЛПИ  |d 1985 
215 |a 112 с.  |c ил. 
320 |a Библиогр.: с. 112 
606 1 |a Реакторы водоводяные, кипящие  |2 stltpush  |3 (RuTPU)RU\TPU\subj\24091  |9 48531 
610 1 |a конструкции 
610 1 |a теплогидравлический расчет 
610 1 |a реакторные материалы 
610 1 |a безопасность 
610 1 |a учебные пособия 
675 |a 621.039.524(075.8)  |v 3 
700 1 |a Андреев  |b П. А.  |g Павел Алексеевич 
701 1 |a Блинов  |b А. Н.  |g Александр Николаевич 
701 1 |a Волухова  |b Т. Г.  |g Татьяна Гавриловна 
712 0 2 |a Ленинградский политехнический институт им. М. И. Калинина (ЛПИ)  |c (1924-1930, 1940-1990)  |2 stltpush  |3 (RuTPU)RU\TPU\col\2601 
801 0 |a RU  |b RuMRKP  |c 19950704  |g psbo 
801 1 |a RU  |b 63413507  |c 20150121 
801 2 |a RU  |b 63413507  |c 20171006  |g RCR 
942 |c BK